| 000 | 00626cam a2200217 4500 | ||
|---|---|---|---|
| 001 | J92191 | ||
| 008 | 090401t1998 xxu||||| |||| 00| 0 eng d | ||
| 035 | _a(Sirsi) u86701 | ||
| 041 | _aeng | ||
| 050 | _a332.6324 | ||
| 110 |
_aHillier Parker _92054 |
||
| 245 | _aProperty investment. - Quarter 1 1998 - Quarter 4 1998 | ||
| 260 |
_aLondon _bHillier Parker May & Rowden _c1998 |
||
| 300 | _a4 pt. ; 30cm. | ||
| 350 | _a0 | ||
| 650 | _aPROPERTY INVESTMENT | ||
| 690 | _aPROPERTY-COMMERCIAL PROPERTY-COMMERCIAL PROPERTY FINANCE AND INVESTMENT | ||
| 710 |
_aCB Hillier Parker _93660 |
||
| 942 | _n0 | ||
| 948 | _c09/06/1998 | ||
| 999 |
_c97160 _d97160 |
||